00333nam a2200133Ia 4500008004100000040001900041041001200060082001700072245001900089260003000108300002400138650001400162850002300176131103s9999 xx 000 0 und d aLoreto College aEnglish aCHBKb#NAME? aNursery rhymes aLondonbYoung Worldc1969 a46p.b ill.c 22cm. aCHBK - II aLCBED/CHBK - I/NUR